| 000 | 00889cam a22002771a 4500 | ||
|---|---|---|---|
| 001 | 9499 | ||
| 003 | BD-RjUL | ||
| 005 | 20211208234805.0 | ||
| 008 | 140121s1961 nyua 001 0 eng | ||
| 035 | _a(BD-RjUL)9544 | ||
| 040 |
_aDLC/ICU _cICU _dDLC _dBD-RjUL _beng |
||
| 041 | _aeng | ||
| 051 | _cCopy 2. | ||
| 082 | 0 | 0 |
_a541.392 _bROD |
| 100 | 1 |
_aRossotti, Francis J. C. _929427 |
|
| 245 | 1 | 4 |
_aThe determination of stability constants, _band other equilibrium constants in solution _c[by] Francis J.C. Rossotti and Hazel Rossotti. |
| 260 |
_aNew York : _bMcGraw-Hill, _c1961. |
||
| 300 |
_a425 p. : _billus. ; _c24 cm. |
||
| 504 | _aincludes index. | ||
| 650 | 0 |
_aChemical equilibrium. _928296 |
|
| 700 | 1 |
_aRossotti, Hazel, _ejoint author. _929429 |
|
| 942 |
_2ddc _cBK |
||
| 999 |
_c9499 _d9499 |
||